000 00531nam a2200193Ia 4500
999 _c33625
_d33625
003 OSt
005 20200903113549.0
008 190216s9999||||xx |||||||||||||| ||und||
020 _a8175563087
040 _coclc
082 _a531
_bGUP/C
100 _aGupta, S L
_91031
245 0 _aClassical Mechanics /
_cS L Gupta ; V Kumar ; H V Sharma
250 _a19th Ed.
260 _bPragathi Prakashan,
_c1990.
_aMeerut:
300 _a440p
650 _aPhysics
942 _cBK
_2ddc
_h531
_iGUP/C
_k531
_mGUP/C